Most Popular Mexican Dishes - Statistics

General Stats
  • This quiz has been taken 48 times
  • The average score is 8 of 12
Answer Stats
Picture Answer % Correct
Tacos
100%
Burrito
98%
Guacamole
98%
Nachos
84%
Quesadilla
80%
Enchiladas
66%
Fajitas
66%
Tamales
66%
Pico de Gallo
55%
Caesar Salad
45%
Birria
34%
Carnitas
11%
No matching quizzes found
Score Distribution
Percent of People with Each Score
Percentile by Number Answered
Your Score History
You have not taken this quiz